000 00661nam a22002177a 4500
999 _c14844
_d14844
003 AR-CdUCM
008 190424b ||||| |||| 00| 0 spa d
020 _a978-958-8249-12-4
040 _aMUNICIPALIDAD PROVINCIAL DEL CUSCO
_cBIBLIOTECA MUNICIPAL DEL CUSCO
082 _aPI / 808.06 /
_bI83
110 _aIsol
_933776
245 _aLa bella Griselda /
260 _aColombia :
_bFondo de cultura económica,
_c2016.
300 _bIlustraciones,
_c21 cm.
500 _aNo cuenta con numeración de paginas
650 _aLiteratura infantil
_9588
650 _aCuentos
_9217
650 _aRomance
_9410
942 _2ddc
_cLIBROS
945 _adavv
_d24/04/2019